Vizualizácia GPS datasetov
Uložené v:
| Hlavný autor: | |
|---|---|
| Ďalší autori: | |
| Médium: | Rukopis Kniha |
| Jazyk: | Slovak |
| Vydavateľské údaje: |
Bratislava :
STU v Bratislave FEI,
2025
|
| Predmet: | |
| On-line prístup: | https://opac.crzp.sk/?fn=detailBiblioFormChildIKPJF&sid=BA75C2D62745AD5727EA909ED92F&seo=CRZP-detail-kniha |
| Tagy: |
Žiadne tagy, Buďte prvý, kto otaguje tento záznam!
|
MARC
| LEADER | 00000ntm a22000003a 4500 | ||
|---|---|---|---|
| 001 | stuzp103069 | ||
| 003 | SK-STU | ||
| 005 | 20251113131201.6 | ||
| 007 | ta | ||
| 008 | 150427s2015----xo-----f-mn---000-0-slo-d | ||
| 040 | |a STU |b slo | ||
| 041 | 0 | |a slo | |
| 044 | |a xo | ||
| 100 | 1 | |a Mikuláš, Martin |u 035000 |4 aut |U FEI Fakulta elektrotechniky a informatiky |T FEI Ústav informatiky a matematiky |X 122164 |U E050 |Y 816 |7 122164 | |
| 242 | 0 | 1 | |a GPS dataset visualization |y eng |
| 245 | 1 | 0 | |a Vizualizácia GPS datasetov |
| 260 | |a Bratislava : |b STU v Bratislave FEI, |c 2025 | ||
| 300 | |a 46 s. | ||
| 650 | 4 | |a vizualizácia |2 slo | |
| 650 | 4 | |a predspracovanie dát |2 slo | |
| 650 | 4 | |a map matching |2 slo | |
| 650 | 4 | |a visualization |2 eng | |
| 650 | 4 | |a data preprocessing |2 eng | |
| 650 | 4 | |a map matching |2 eng | |
| 700 | 1 | |a Čavojský, Maroš |u 035000 |k Z1 |4 ths |U FEI Fakulta elektrotechniky a informatiky |T FEI Ústav informatiky a matematiky |X 64790 |U E050 |Y 816 |7 A000064790 | |
| 856 | 4 | |u https://opac.crzp.sk/?fn=detailBiblioFormChildIKPJF&sid=BA75C2D62745AD5727EA909ED92F&seo=CRZP-detail-kniha | |